<?xml version="1.0" encoding="UTF-8"?>
<record
    xmlns:xsi="http://www.w3.org/2001/XMLSchema-instance"
    xsi:schemaLocation="http://www.loc.gov/MARC21/slim http://www.loc.gov/standards/marcxml/schema/MARC21slim.xsd"
    xmlns="http://www.loc.gov/MARC21/slim">

  <leader>01721nas a2200409 i 4500</leader>
  <controlfield tag="001">2083</controlfield>
  <controlfield tag="003">ES-MaACL</controlfield>
  <controlfield tag="005">20251013215854.0</controlfield>
  <controlfield tag="007">t|</controlfield>
  <controlfield tag="008">950801d18941933fr  | p       |    ||re d</controlfield>
  <datafield tag="080" ind1=" " ind2=" ">
    <subfield code="a">93/99</subfield>
  </datafield>
  <datafield tag="080" ind1=" " ind2=" ">
    <subfield code="a">811.134.2</subfield>
  </datafield>
  <datafield tag="080" ind1=" " ind2=" ">
    <subfield code="a">811.134.3</subfield>
  </datafield>
  <datafield tag="245" ind1="0" ind2="0">
    <subfield code="a">Revue hispanique </subfield>
    <subfield code="b">: recueil consacr&#xE9; &#xE0; l'&#xE9;tude des langues, des litt&#xE9;ratures et de l'histoire des pays castillans, catalans et portugais / </subfield>
    <subfield code="c">publi&#xE9; par R. Foulch&#xE9;-Delbosc.</subfield>
  </datafield>
  <datafield tag="260" ind1=" " ind2=" ">
    <subfield code="a">Paris : </subfield>
    <subfield code="b">Alphonse Picard et Fils, </subfield>
    <subfield code="c">1894-1933 (</subfield>
    <subfield code="f">Macon Protat Fr&#xE9;res)</subfield>
  </datafield>
  <datafield tag="300" ind1=" " ind2=" ">
    <subfield code="a">76 v. ; </subfield>
    <subfield code="c">24 cm.</subfield>
  </datafield>
  <datafield tag="310" ind1=" " ind2=" ">
    <subfield code="a">Bimensual, </subfield>
    <subfield code="b">1914-1933</subfield>
  </datafield>
  <datafield tag="321" ind1=" " ind2=" ">
    <subfield code="a">Tres veces al a&#xF1;o, </subfield>
    <subfield code="b">1894-1897</subfield>
  </datafield>
  <datafield tag="321" ind1=" " ind2=" ">
    <subfield code="a">Trimestral, </subfield>
    <subfield code="b">1898-1913</subfield>
  </datafield>
  <datafield tag="362" ind1="1" ind2=" ">
    <subfield code="a">1. Ann&#xE9;e, n. 1 (mars 1894) A&#xF1;o I (mar. 1894)--v. 81, 2. partie (1933)</subfield>
  </datafield>
  <datafield tag="500" ind1=" " ind2=" ">
    <subfield code="a">No se public&#xF3; en 1931-32.</subfield>
  </datafield>
  <datafield tag="500" ind1=" " ind2=" ">
    <subfield code="a">El v. 81 de 1933 es extraordinario.</subfield>
  </datafield>
  <datafield tag="515" ind1=" " ind2=" ">
    <subfield code="a">A partir de 1905 no figura el a&#xF1;o de la publicaci&#xF3;n y se editan 2 t. al a&#xF1;o.</subfield>
  </datafield>
  <datafield tag="515" ind1=" " ind2=" ">
    <subfield code="a">No se public&#xF3; en 1931-32.</subfield>
  </datafield>
  <datafield tag="550" ind1=" " ind2=" ">
    <subfield code="a">Desde 1905 publicada con la colaboraci&#xF3;n de: The Hispanic Society of America.</subfield>
  </datafield>
  <datafield tag="555" ind1=" " ind2=" ">
    <subfield code="a">Indices: v. 1-10 (1894-1903) en v. 10; v. 1-25 (1894-1911) en v. 25; v. 1-50 (1894-1920) en v. 50.</subfield>
  </datafield>
  <datafield tag="650" ind1="0" ind2="4">
    <subfield code="a">Filolog&#xED;a espa&#xF1;ola.</subfield>
    <subfield code="9">12796</subfield>
  </datafield>
  <datafield tag="650" ind1=" " ind2="4">
    <subfield code="a">Filolog&#xED;a portuguesa.</subfield>
    <subfield code="9">148484</subfield>
  </datafield>
  <datafield tag="650" ind1="0" ind2="7">
    <subfield code="a">Literatura espa&#xF1;ola</subfield>
    <subfield code="2">embne</subfield>
    <subfield code="9">14539</subfield>
  </datafield>
  <datafield tag="650" ind1=" " ind2="4">
    <subfield code="a">Literatura portuguesa.</subfield>
    <subfield code="9">136431</subfield>
  </datafield>
  <datafield tag="700" ind1="1" ind2=" ">
    <subfield code="a">Foulch&#xE9;-Delbosc, Raymond, </subfield>
    <subfield code="d">1864-1929</subfield>
    <subfield code="9">51941</subfield>
  </datafield>
  <datafield tag="710" ind1="2" ind2=" ">
    <subfield code="a">Hispanic Society of America.</subfield>
    <subfield code="9">4583</subfield>
  </datafield>
  <datafield tag="852" ind1=" " ind2=" ">
    <subfield code="a">ES-MaACL</subfield>
    <subfield code="j">K-1</subfield>
    <subfield code="z">Colocada al final de los armarios</subfield>
    <subfield code="c">ADM</subfield>
    <subfield code="9">2122 </subfield>
  </datafield>
  <datafield tag="866" ind1=" " ind2="0">
    <subfield code="o">1894-1914(1915 f. v. 34-35)1916-30.1933</subfield>
  </datafield>
  <datafield tag="942" ind1=" " ind2=" ">
    <subfield code="2">udc</subfield>
  </datafield>
  <datafield tag="999" ind1=" " ind2=" ">
    <subfield code="c">2083</subfield>
    <subfield code="d">2083</subfield>
  </datafield>
  <datafield tag="952" ind1=" " ind2=" ">
    <subfield code="0">0</subfield>
    <subfield code="1">0</subfield>
    <subfield code="2">udc</subfield>
    <subfield code="4">0</subfield>
    <subfield code="7">0</subfield>
    <subfield code="8">Hemeroteca</subfield>
    <subfield code="a">ATENEOM</subfield>
    <subfield code="b">ATENEOM</subfield>
    <subfield code="c">ADM</subfield>
    <subfield code="d">2008-01-17</subfield>
    <subfield code="l">0</subfield>
    <subfield code="o">K-1</subfield>
    <subfield code="p">1002122</subfield>
    <subfield code="r">2023-02-23 00:00:00</subfield>
    <subfield code="w">2023-02-23</subfield>
    <subfield code="y">PERIODICA</subfield>
  </datafield>
</record>
